LEADER 01088nam a2200265 u 4500 001 000000017420 003 CaOOAMICUS 005 20070226110113.0 008 940517s1965 it u000 u ita u 035 $a10407180 040 $aPUL(R)$bita 100 1 $aPesce, Santi,$csac.$0(OLS)http://pul/name/15680 245 10$aE' possibile la visione beatifica in un'anima viatrice? /$cSanti Pesce. 260 $aCatania :$bL'Addolarata,$c1965. 300 $axix, 359 p. ;$c25 cm 504 $aBibliografia: p. 347-351. 650 4$aBeatitudine eterna.$0(OLS)http://pul/subject/2261 850 $aPUL 852 $aPUL$W1$xDP2 Religione 1$y63$m68 F 26$j24518$nBK-PRI$qStampati$B24518$CPULBib$Z2$F24518 $82 852 $aPUL$W1$xDP1 Fondo Pastorale$y55$mP18 G 49$j24519$nBK-PRI$b $qFondi$B24519$CPULBib$Z2$F24519 $H $81 941 1 $a8 941 1 $a1 961 $aINV: 25806 996 $6245$aE' possibile la visione beatifica in un'anima viatrice?$9(OLS)http://pul/title/24941 996 $6260$aCatania :$bL'Addolarata$9(OLS)http://pul/publisher/55338 LEADER 01377nam a2200325 u 4500 001 000000054469 003 CaOOAMICUS 005 20070226115657.0 008 001214s1994 it u000 u ita u 020 $a8816950986 035 $a10863825 040 $aPUL(R)$bita$dPUL(R) 100 1 $aRivetti Barbò, Francesca.$0(OLS)http://pul/name/38056 245 10$aLineamenti di antropologia filosofica /$cFrancesca Rivetti Barbò. 260 $aMilano :$bJaca Book,$cc1994. 300 $a254 p. ;$c23 cm 490 1 $aLe Edizioni universitarie Jaca.$aFilosofia ;$v98 504 $abibliografia in nota. 650 4$aUomo (filosofia).$0(OLS)http://pul/subject/436 830 3$aLe Edizioni universitarie Jaca.$pFilosofia ;$v98.$0(OLS)http://pul/title/175 850 $aPUL 852 $aPUL$W1$xDP1 Fondo Giannini$y60$m1561 B 3$j71746$nBK-PRI$b $qFondi$B71746$CPULBib$Z2$F71746 $H $81 852 $aPUL$W1$xSL Filosofia 1$y2$m96 H 141$j71747$nBK-PRI$b $qStampati$B71747$CPULBib$Z2$F71747 $H $81 941 1 $a1 941 1 $a8 961 $aINV: Fondo Giannini 961 $aINV: 72557 996 $6020$a8816950986$9(OLS)http://pul/number/68587 996 $6245$aLineamenti di antropologia filosofica$9(OLS)http://pul/title/73026 996 $6260$aMilano :$bJaca Book$9(OLS)http://pul/publisher/47900